000 00342nam a2200145 i 4500
001 bg
100 1 _aDWORAK, Zbigniew
245 0 _aAstrologia, astronomia, astrofizyka /
_cZbigniew Dworak.
260 _aWarszawa,
_c1980.
040 _cBPK
041 _apol
080 _a52+53
942 _cKS
008 s pl f |000 0 pol
999 _c21636
_d21636
856 _uhttp://koha.tu.koszalin.pl/cgi-bin/koha/opac-detail.pl?biblionumber=21636
_yKatalog online BPK